Fortran programs to accompany chemical engineering thermodynamics an introduction to thermodynamics for undergraduate engineering students /

Guardat en:
Dades bibliogràfiques
Autor principal: Winnick, J. 1937-
Format: Llibre
Idioma:English
Publicat: New York : John Wiley and Sons, 1997.
Matèries:
Etiquetes: Afegir etiqueta
Sense etiquetes, Sigues el primer a etiquetar aquest registre!
Thư viện lưu trữ: Mạng thư viện Đại học Đà Nẵng
LEADER 01005cmm a2200337 i 4500
001 000049925
003 10100
005 20030317152921.0
008 010426|1997 vm 000 eng
020 |a 0471055905 
040 |a IRC  |c IRC  |d IRC 
041 0 |a eng 
082 1 4 |a 660.2969  |b WI-J 
100 1 |a Winnick, J.  |q (Jack),  |d 1937- 
245 0 0 |a Fortran programs to accompany chemical engineering thermodynamics  |h [Float Disk-Đĩa mềm :  |b an introduction to thermodynamics for undergraduate engineering students /  |c Jack Winnick. 
260 |a New York :  |b John Wiley and Sons,  |c 1997. 
300 |a 1 computer disk ;  |c 3 1/2 in. 
630 0 4 |a Thermodynamics. 
630 0 4 |a Chemical engineering. 
650 0 4 |a Thermodynamics. 
650 0 4 |a Chemical engineering. 
OWN |a DUT 
999 |a From the UDN01 
TYP |a Computer file 
TYP |a Monograph 
980 |a Mạng thư viện Đại học Đà Nẵng